00557 2200145 4500001002100000005001500021035002000036245014600056100005500202250001700257300002500274700003600299700003200335260004400367INLIS00000000000741120250728091706 a0010-07250004041 aTransformasi POLRI & Asta Cita :bSinergi Inovatif Untuk Mewujudkan Indonesia Emas 2045 /cBrigjen Pol Dr. Rakhmad Setyadi, S.I.K., S.H., M.H0 aBrigjen Pol Dr. Rakhmad Setyadi, S.I.K., S.H., M.H aEd. 1, Cet.1 a141 hlm ;c15 x 23cm0 aDr. Tri Siswanti, S.Sos., M.A.P0 aDr. Kusnida Indrajaya, M.Si aYogyakarta :bKarya Bakti Makmur,c2025